Anagrammes - les 9 muses de la mythologie grecque - Statistiques

Statistiques générales
  • Ce quiz a été pris 292 fois
  • Le résultat moyen est 5 sur 9
Statistiques - réponses
Anagramme Muse % Correct
LICO Clio
92%
HALAIT Thalia
59%
UNAIRE Uranie
55%
ALPICOLE Calliope
54%
AORTE Erato
53%
REPUTEE Euterpe
50%
POMMELENE Melpomène
45%
CHIROPTERES Terpsichore
39%
OLYMPIEN Polymnie
33%
Aucun quiz correspondant
Distribution des résultats
% des personnes avec chaque résultat
Percentile par nombre de réponses
Votre historique - résultats
Vous n’avez pas pris ce quiz